000 00446nam a2200169 i 4500
001 40431
003 ES-MaACL
005 20230906160223.0
007 t|
008 030306s1868 fr ||||1| fre d
100 1 _aCaro, Elme Marie.
_935394
245 1 2 _aL'idée de Dieu dans la critique contemporaine /
_cpar Elme Marie Caro.
250 _a4éme ed.
260 _aParis :
_bHachette,
_c1868.
300 _a396 p.
852 _aES-MaACL
_jD-4674
999 _c40431
_d40431